LEADER 01309nam a2200289 u 4500 001 000000053250 003 CaOOAMICUS 005 20070226115535.0 008 001110s1997 sp u000 u ita u 035 $a10860872 040 $aPUL$bita 100 1 $aFabbri, Marco Valerio,$d1963-$0(OLS)http://pul/name/37900 245 10$aCreazione e salvezza nel libro della Sapienza :$besegesi di Sapienza 1,13-15 /$cMarco Valerio Fabbri. 260 $aPamplona :$bEd. Universidad de Navarra,$c1997. 300 $a334 p. ;$c25 cm 500 $aContiene indici. 500 $aIn testa al front.: Universidad de Navarra, Facultad de teología. 500 $a"Tesis doctoral presentada en la Facultad de Teología de la Universidad de Navarra". 502 $aTesis.--Universidad de Navarra, 1997. 504 $aBibliografia in nota. 630 04$aBiblia.$pV.T.$pSapientia.$0(OLS)http://pul/subject/10452 850 $aPUL 852 $aPUL$W1$xDP1 Tesi Varie$y51$mTH VAR 83$j70286$nBK-PRI$b $qTesi$B70286$CPULBib$Z2$F70286 $H $81 941 1 $a16 961 $aINV: 83043 996 $6245$aCreazione e salvezza nel libro della Sapienza :$besegesi di Sapienza 1,13-15$9(OLS)http://pul/title/71421 996 $6260$aPamplona :$bEd. Universidad de Navarra$9(OLS)http://pul/publisher/48740 LEADER 01291nam a2200301 u 4500 001 000000087526 003 CaOOAMICUS 005 20070226124421.0 008 051017s2004 it ado u000 u ita u 020 $a8842051896 035 $a11063994 040 $aPUL$bita 245 00$aIntroduzione alla psicologia dello sviluppo /$cAnna Oliverio Ferraris ... [et al.]. 260 $aRoma ;$aBari :$bLaterza,$c2004. 300 $a421 p. :$bill., prosp., fotog. ;$c21 cm 490 1 $aManuali Laterza ;$v85 500 $aContiene contributi di Domenico Bellacicco, Angela Costabile, Salvatore Sasso. 500 $a7a edizione. 504 $aInclude indice e bibliografia. 650 4$aPsicologia dell'età evolutiva.$0(OLS)http://pul/subject/3402 700 1 $aOliverio Ferraris, Anna.$0(OLS)http://pul/name/50121 830 0$aManuali Laterza ;$v85.$0(OLS)http://pul/title/2009 850 $aPUL 852 $aPUL$W1$xSL Filosofia 3$y81$m155. 7 FEROL 1$j110956$nBK-PRI$b $qDDC 21$B110956$CPULBib$Z2$F110956 $HPUL99850 $81 941 1 $a9 996 $6020$a8842051896$9(OLS)http://pul/number/115349 996 $6245$aIntroduzione alla psicologia dello sviluppo$9(OLS)http://pul/title/113246 996 $6260$aRoma ;$aBari :$bLaterza$9(OLS)http://pul/publisher/57682